Polymer alloys III : blends, blocks, grafts, and interpenetrating networks /
Guardado en:
| Autores Corporativos: | , |
|---|---|
| Otros Autores: | , |
| Formato: | Libro |
| Idioma: | English |
| Publicado: |
New York :
Plenum Press,
c1983.
|
| Series: | Polymer science and technology ;
v. 20 |
| Materias: | |
| Etiquetas: |
Agregar Etiqueta
Sin Etiquetas, Sea el primero en etiquetar este registro!
|
| LEADER | 01273cam a22002895a 4500 | ||
|---|---|---|---|
| 001 | EIQ.libpla000927 | ||
| 008 | 821217s1983####nyuao####b####001#0#eng#d | ||
| 005 | 20060623130112.0 | ||
| 245 | 0 | 0 | |a Polymer alloys III : |b blends, blocks, grafts, and interpenetrating networks / |c edited by Daniel Klempner and Kurt C. Frisch. |
| 260 | |a New York : |b Plenum Press, |c c1983. | ||
| 300 | |a ix, 302 p. : |b il., fotos ; |c 27 cm. | ||
| 440 | 0 | |a Polymer science and technology ; |v v. 20 | |
| 500 | |a "Proceedings of a Symposium on Polymer Alloys, sponsored by the Organic Coating and Plastic Division, held during August, 23-28, 1981, in New York". | ||
| 504 | |a Incluye referencias bibliográficas e índice. | ||
| 020 | |a 0306411385 | ||
| 700 | 1 | |a Klempner, Daniel., |e ed. |4 edt | |
| 700 | 1 | |a Frisch, Kurt Charles, |d 1918-, |e ed. |4 edt | |
| 710 | 2 | |a American Chemical Society. |b Division of Organic Coatings and Plastics Chemistry. | |
| 711 | 2 | |a Symposium on Polymer Alloys |d (1981 : |c New York, N.Y.) | |
| 082 | 0 | 0 | |a 547.7 |2 19 |
| 650 | 4 | |a Polímeros |x Congresos. | |
| 650 | 4 | |a Polimerización |x Congresos. | |
| 650 | 0 | |a Polymerization |x Congresses. | |
| 650 | 0 | |a Polymers |x Congresses. | |
| 010 | |a 82024593 | ||
| 040 | |a DLC |c DLC |d AR-BbSID | ||
| 859 | |a AR-BbSID |b BIB. PLAPIQUI |h 547.7 |i P 769 |p 2708 | ||
